[Event "Bundesliga 9495"]
[Site "Deutschland"]
[Date "1995.??.??"]
[Round "?.2"]
[White "Unzicker, Wolfgang"]
[Black "Blatny, Pavel"]
[Result "0-1"]
[WhiteElo "2440"]
[BlackElo "2485"]
[PlyCount "92"]
[EventDate "1994.10.??"]
[EventType "team"]
[EventRounds "15"]
[EventCountry "GER"]
[SourceTitle "Bundesliga 9495"]
[Source "DeepChess"]
[SourceDate "2005.01.01"]
[SourceVersion "1"]
[SourceVersionDate "2005.01.01"]
[SourceQuality "1"]
[WhiteTeam "PSV Turm Duisburg 1920 e.V."]
[BlackTeam "SAbt SV Werder Bremen"]
[WhiteTeamCountry "GER"]
[BlackTeamCountry "GER"]

1. e4 e5 2. Nf3 Nc6 3. Bb5 a6 4. Ba4 Nf6 5. O-O Be7 6. Re1 b5 7. Bb3 O-O 8. c3
d5 9. exd5 Nxd5 10. Nxe5 Nxe5 11. Rxe5 c6 12. d4 Bd6 13. Re1 Qh4 14. g3 Qh3 15.
Be3 Bg4 16. Qd3 Rae8 17. Nd2 Re6 18. a4 bxa4 19. Rxa4 f5 20. Qf1 Qh5 21. f4
Rfe8 22. Rxa6 Rxe3 23. Rxe3 Rxe3 24. Rxc6 Qe8 25. Bxd5+ Kf8 26. Rxd6 Re1 27.
Re6 Rxf1+ 28. Nxf1 Qb5 29. Bg2 Qxb2 30. h3 Be2 31. d5 Bd3 32. Re3 Qxc3 33. Kh2
Qd4 34. Re5 Qf2 35. Ne3 Be4 36. Rxf5+ Bxf5 37. Nxf5 g5 38. d6 gxf4 39. d7 Qd2
40. gxf4 Qxf4+ 41. Kg1 Qc1+ 42. Bf1 Qc5+ 43. Kg2 Qd5+ 44. Kg3 Qxd7 45. Ne3 Ke7
46. Be2 Qe6 0-1

[Event "Bundesliga 9495"]
[Site "Deutschland"]
[Date "1995.??.??"]
[Round "?.3"]
[White "Knaak, Rainer"]
[Black "Espig, Lutz"]
[Result "0-1"]
[WhiteElo "2540"]
[BlackElo "2430"]
[PlyCount "118"]
[EventDate "1994.10.??"]
[EventType "team"]
[EventRounds "15"]
[EventCountry "GER"]
[SourceTitle "Bundesliga 9495"]
[Source "DeepChess"]
[SourceDate "2005.01.01"]
[SourceVersion "1"]
[SourceVersionDate "2005.01.01"]
[SourceQuality "1"]
[WhiteTeam "SAbt SV Werder Bremen"]
[BlackTeam "PSV Turm Duisburg 1920 e.V."]
[WhiteTeamCountry "GER"]
[BlackTeamCountry "GER"]

1. d4 d6 2. e4 Nf6 3. f3 Nbd7 4. Be3 e5 5. d5 Be7 6. Qd2 h6 7. Na3 Nh5 8. Nh3
Nb6 9. Nf2 Bg5 10. c4 Bd7 11. Nc2 a5 12. g3 Na4 13. O-O-O Bxe3 14. Nxe3 Nc5 15.
Be2 g6 16. Rde1 Kf8 17. Ng2 Qg5 18. f4 exf4 19. Nxf4 Nxf4 20. gxf4 Qh4 21. Rhf1
Kg7 22. Qd4+ Kh7 23. Nd3 Nxd3+ 24. Bxd3 Rhe8 25. Qe3 Re7 26. Rg1 Rae8 27. Qf3
f5 28. Re2 Qf6 29. Rge1 fxe4 30. Bxe4 Kg7 31. Bd3 Rxe2 32. Rxe2 Rxe2 33. Bxe2
Qd4 34. Bd3 Qg1+ 35. Kc2 Qxh2+ 36. Kb3 Qd2 37. a3 Qe1 38. f5 a4+ 39. Kc2 gxf5
40. Bxf5 Bxf5+ 41. Qxf5 Qe2+ 42. Kb1 Qxc4 43. Qd7+ Kf6 44. Qe6+ Kg5 45. Qe7+
Kg4 46. Qe6+ Kg3 47. Qe3+ Kg2 48. Qd2+ Kf1 49. Qxh6 Qd3+ 50. Kc1 Qxd5 51. Qf4+
Ke2 52. Qh2+ Ke3 53. Qh6+ Ke4 54. Qh4+ Kd3 55. Qg3+ Kd4 56. Qc3+ Ke4 57. Qb4+
Ke5 58. Qxa4 Qh1+ 59. Kd2 Qg2+ 0-1

[Event "Bundesliga 9495"]
[Site "Deutschland"]
[Date "1995.??.??"]
[Round "?.4"]
[White "Mohr, Stefan"]
[Black "Heissler, Jakob"]
[Result "0-1"]
[WhiteElo "2455"]
[BlackElo "2440"]
[PlyCount "114"]
[EventDate "1994.10.??"]
[EventType "team"]
[EventRounds "15"]
[EventCountry "GER"]
[SourceTitle "Bundesliga 9495"]
[Source "DeepChess"]
[SourceDate "2005.01.01"]
[SourceVersion "1"]
[SourceVersionDate "2005.01.01"]
[SourceQuality "1"]
[WhiteTeam "PSV Turm Duisburg 1920 e.V."]
[BlackTeam "SAbt SV Werder Bremen"]
[WhiteTeamCountry "GER"]
[BlackTeamCountry "GER"]

1. d4 Nf6 2. c4 g6 3. Nc3 Bg7 4. e4 d6 5. Be2 O-O 6. Bg5 Nbd7 7. Qd2 c6 8. Nf3
e5 9. O-O Re8 10. d5 cxd5 11. cxd5 Nc5 12. Qc2 Bd7 13. b4 Na6 14. a3 h6 15. Bd2
Rc8 16. Rac1 Nc7 17. Qb1 Nh5 18. g3 Bg4 19. Rfe1 Qd7 20. Qd3 Rf8 21. Nh4 Bxe2
22. Qxe2 a6 23. a4 Qh3 24. Qf1 Qd7 25. b5 axb5 26. Nxb5 Nxb5 27. Qxb5 Qxb5 28.
axb5 Nf6 29. f3 Rfe8 30. Ng2 Nd7 31. Bb4 Bf8 32. Ne3 Nb6 33. Kf2 Be7 34. Ke2
Rxc1 35. Rxc1 Rc8 36. Ra1 Kf8 37. Ra7 Rb8 38. Ba5 Nc8 39. Bc7 Nxa7 40. Bxb8
Nxb5 41. Nc4 Ke8 42. f4 f6 43. Kd3 Kd8 44. Nb6 h5 45. fxe5 dxe5 46. Kc4 Nd6+
47. Bxd6 Bxd6 48. Kb5 f5 49. Nc4 Kc7 50. Nd2 Be7 51. h3 Bg5 52. Nf3 Bf6 53. Nd2
Be7 54. Kc4 Kd6 55. Kb5 fxe4 56. Kc4 b5+ 57. Kxb5 Kxd5 0-1

[Event "Bundesliga 9495"]
[Site "Deutschland"]
[Date "1995.??.??"]
[Round "?.5"]
[White "Meins, Gerlef"]
[Black "Gruenberg, Hans Ulrich"]
[Result "1-0"]
[WhiteElo "2425"]
[BlackElo "2470"]
[PlyCount "68"]
[EventDate "1994.10.??"]
[EventType "team"]
[EventRounds "15"]
[EventCountry "GER"]
[SourceTitle "Bundesliga 9495"]
[Source "DeepChess"]
[SourceDate "2005.01.01"]
[SourceVersion "1"]
[SourceVersionDate "2005.01.01"]
[SourceQuality "1"]
[WhiteTeam "SAbt SV Werder Bremen"]
[BlackTeam "PSV Turm Duisburg 1920 e.V."]
[WhiteTeamCountry "GER"]
[BlackTeamCountry "GER"]

1. d4 Nf6 2. c4 e6 3. Nf3 b6 4. g3 Bb4+ 5. Nbd2 Bb7 6. Bg2 O-O 7. O-O Be7 8. b3
c5 9. Bb2 cxd4 10. Bxd4 d6 11. Qc2 Qc7 12. Ng5 Nbd7 13. Bxb7 Qxb7 14. Nde4 Nxe4
15. Qxe4 Qxe4 16. Nxe4 Rfc8 17. Rfd1 f5 18. Nd2 a6 19. e4 g6 20. Re1 Kf7 21.
Re2 b5 22. Rae1 Nf8 23. e5 dxe5 24. Bxe5 Bb4 25. Rc1 Ra7 26. Nf3 h6 27. h4 Rd7
28. Kg2 Be7 29. Bb2 Rdc7 30. Rce1 Kg8 31. cxb5 axb5 32. Nd4 Bb4 33. Ra1 Rb7 34.
a3 Bd6 $138 1-0

[Event "Bundesliga 9495"]
[Site "Deutschland"]
[Date "1995.??.??"]
[Round "?.6"]
[White "Moiseev, Viktor"]
[Black "Floegel, Ulrich"]
[Result "1-0"]
[WhiteElo "2455"]
[BlackElo "2315"]
[PlyCount "57"]
[EventDate "1994.10.??"]
[EventType "team"]
[EventRounds "15"]
[EventCountry "GER"]
[SourceTitle "Bundesliga 9495"]
[Source "DeepChess"]
[SourceDate "2005.01.01"]
[SourceVersion "1"]
[SourceVersionDate "2005.01.01"]
[SourceQuality "1"]
[WhiteTeam "PSV Turm Duisburg 1920 e.V."]
[BlackTeam "SAbt SV Werder Bremen"]
[WhiteTeamCountry "GER"]
[BlackTeamCountry "GER"]

1. e4 Nf6 2. e5 Nd5 3. d4 d6 4. Nf3 Bg4 5. Be2 c6 6. O-O Bxf3 7. Bxf3 dxe5 8.
dxe5 e6 9. Nd2 Nd7 10. Re1 Qc7 11. Nc4 N7b6 12. Qe2 Nxc4 13. Qxc4 O-O-O 14. a3
Be7 15. b4 Rd7 16. Qb3 Rhd8 17. c4 Nb6 18. Be3 g6 19. Qc2 c5 20. a4 cxb4 21. a5
Nd5 22. Bxa7 Bc5 23. cxd5 Bxa7 24. Qa4 Bd4 25. Rec1 Bc3 26. dxe6 fxe6 27. a6
Kb8 28. axb7 Qb6 29. Qxd7 1-0

[Event "Bundesliga 9495"]
[Site "Deutschland"]
[Date "1995.??.??"]
[Round "?.7"]
[White "Meyer, Claus Dieter"]
[Black "Malich, Burkhard"]
[Result "1-0"]
[WhiteElo "2310"]
[BlackElo "2405"]
[PlyCount "77"]
[EventDate "1994.10.??"]
[EventType "team"]
[EventRounds "15"]
[EventCountry "GER"]
[SourceTitle "Bundesliga 9495"]
[Source "DeepChess"]
[SourceDate "2005.01.01"]
[SourceVersion "1"]
[SourceVersionDate "2005.01.01"]
[SourceQuality "1"]
[WhiteTeam "SAbt SV Werder Bremen"]
[BlackTeam "PSV Turm Duisburg 1920 e.V."]
[WhiteTeamCountry "GER"]
[BlackTeamCountry "GER"]

1. e4 c5 2. Nf3 e6 3. d3 d5 4. Nbd2 Nc6 5. g3 Bd6 6. Bg2 Nge7 7. O-O Bc7 8. Re1
h6 9. exd5 Nxd5 10. Nb3 Bb6 11. a3 O-O 12. c4 Nf6 13. d4 cxd4 14. c5 Bc7 15.
Nbxd4 Bd7 16. b4 Ne7 17. Bb2 Ned5 18. Qe2 Qb8 19. Nb5 a5 20. Nxc7 Qxc7 21. Be5
Qc8 22. Qb2 Rd8 23. Nd2 Bb5 24. Bxd5 exd5 25. Bxf6 gxf6 26. Qxf6 Ra6 27. Qd4
Qf5 28. Re5 Qf6 29. Rae1 axb4 30. axb4 Kh7 31. Nb3 Ra4 32. Qd2 Bc4 33. Nd4 Ra2
34. Qe3 Qg6 35. Rf5 Rda8 36. Qe7 Kg7 37. Ne6+ Kg8 38. Rf6 Qh5 39. Nf4 1-0

[Event "Bundesliga 9495"]
[Site "Deutschland"]
[Date "1995.??.??"]
[Round "?.8"]
[White "Himmel, Hansjoerg"]
[Black "Wenzel, Reinhard"]
[Result "0-1"]
[WhiteElo "2355"]
[BlackElo "2230"]
[PlyCount "76"]
[EventDate "1994.10.??"]
[EventType "team"]
[EventRounds "15"]
[EventCountry "GER"]
[SourceTitle "Bundesliga 9495"]
[Source "DeepChess"]
[SourceDate "2005.01.01"]
[SourceVersion "1"]
[SourceVersionDate "2005.01.01"]
[SourceQuality "1"]
[WhiteTeam "PSV Turm Duisburg 1920 e.V."]
[BlackTeam "SAbt SV Werder Bremen"]
[WhiteTeamCountry "GER"]
[BlackTeamCountry "GER"]

1. e4 c5 2. Nf3 Nc6 3. Bb5 g6 4. O-O Bg7 5. c3 Nf6 6. Re1 O-O 7. d4 cxd4 8.
cxd4 d5 9. e5 Ne4 10. Nc3 Bf5 11. Nh4 Nxc3 12. bxc3 Bd7 13. Bxc6 Bxc6 14. Ba3
Re8 15. f4 e6 16. Nf3 Qd7 17. Qd2 Bb5 18. Re3 Rec8 19. Qf2 Rc6 20. h3 Rac8 21.
Rc1 Rc4 22. Nh2 Ra4 23. c4 dxc4 24. Bd6 Rc6 25. Rec3 Rca6 26. R1c2 Qc6 27. Qe2
Qd5 28. Nf3 Bh6 29. Qd2 Bc6 30. Be7 b5 31. Qf2 b4 32. Rxc4 Bxf4 33. Ng5 Bxg5
34. Bxg5 Rxa2 35. Rxc6 Ra1+ 36. Kh2 Rxc6 37. Rd2 f5 38. Bf6 Rcc1 $138 0-1

[Event "Bundesliga 9495"]
[Site "Deutschland"]
[Date "1995.??.??"]
[Round "?.1"]
[White "Khalifman, Alexander"]
[Black "Chandler, Murray G"]
[Result "1-0"]
[WhiteElo "2635"]
[BlackElo "2545"]
[PlyCount "129"]
[EventDate "1994.10.??"]
[EventType "team"]
[EventRounds "15"]
[EventCountry "GER"]
[SourceTitle "Bundesliga 9495"]
[Source "DeepChess"]
[SourceDate "2005.01.01"]
[SourceVersion "1"]
[SourceVersionDate "2005.01.01"]
[SourceQuality "1"]
[WhiteTeam "PSV Turm Duisburg 1920 e.V."]
[BlackTeam "SG 1868 Aljech. Solingen"]
[WhiteTeamCountry "GER"]
[BlackTeamCountry "GER"]

1. d4 Nf6 2. c4 e6 3. Nf3 d5 4. Nc3 Be7 5. Bg5 O-O 6. e3 h6 7. Bh4 b6 8. Be2
Bb7 9. Bxf6 Bxf6 10. cxd5 exd5 11. b4 c5 12. bxc5 bxc5 13. Rb1 Bc6 14. O-O Nd7
15. Bb5 Qc7 16. Qd3 Rfc8 17. Rfc1 Rab8 18. h3 c4 19. Qc2 Bxb5 20. Nxb5 Qa5 21.
Nc3 Rxb1 22. Rxb1 Rb8 23. Rxb8+ Nxb8 24. e4 dxe4 25. Nxe4 Qd5 26. Nxf6+ gxf6
27. Nd2 Qxd4 28. Nxc4 Nc6 29. Ne3 Qa1+ 30. Kh2 Qe5+ 31. g3 Nd4 32. Qc8+ Kg7 33.
Qd7 Nf3+ 34. Kg2 Ng5 35. Qg4 h5 36. Qf5 Ne6 37. h4 Nd4 38. Qd3 Kg8 39. Kf1 Kf8
40. Kg2 Kg8 41. Kf1 f5 42. Qc4 f4 43. Qd5 Qxd5 44. Nxd5 fxg3 45. fxg3 Kg7 46.
Kf2 Kg6 47. Ke3 Nf5+ 48. Kf4 f6 49. Kf3 Kg7 50. Nf4 Kh6 51. Ne2 Nd6 52. Ke3 Kg6
53. Nf4+ Kh6 54. Kd3 Nf5 55. Ne2 Kg6 56. Ke4 Ne7 57. Nf4+ Kh6 58. a3 Nc8 59.
Kd5 Nb6+ 60. Kc6 Nc4 61. a4 Nd2 62. a5 Ne4 63. Kb7 Nxg3 64. Kxa7 Nf5 65. a6 1-0

[Event "Bundesliga 9495"]
[Site "Deutschland"]
[Date "1995.??.??"]
[Round "?.4"]
[White "Podzielny, Karl Heinz"]
[Black "Espig, Lutz"]
[Result "1-0"]
[WhiteElo "2455"]
[BlackElo "2430"]
[PlyCount "79"]
[EventDate "1994.10.??"]
[EventType "team"]
[EventRounds "15"]
[EventCountry "GER"]
[SourceTitle "Bundesliga 9495"]
[Source "DeepChess"]
[SourceDate "2005.01.01"]
[SourceVersion "1"]
[SourceVersionDate "2005.01.01"]
[SourceQuality "1"]
[WhiteTeam "SG 1868 Aljech. Solingen"]
[BlackTeam "PSV Turm Duisburg 1920 e.V."]
[WhiteTeamCountry "GER"]
[BlackTeamCountry "GER"]

1. d4 d6 2. Nf3 Nf6 3. c4 Nbd7 4. Nc3 e5 5. e4 Be7 6. Be2 O-O 7. O-O c6 8. Re1
a6 9. Bf1 Qc7 10. h3 b5 11. a3 Bb7 12. Be3 Rfe8 13. Rc1 Qb8 14. cxb5 exd4 15.
Nxd4 cxb5 16. Nf5 Bf8 17. Bd4 g6 18. Qf3 gxf5 19. Qxf5 Bg7 20. Re3 Qd8 21. Rg3
Ne5 22. Rxg7+ Kxg7 23. Rd1 h6 24. Be3 Ng6 25. Bd4 Ne5 26. Be3 Rc8 27. Qf4 Ng8
28. Qg3+ Kf8 29. h4 Qf6 30. f4 Qg6 31. Qh3 Nc4 32. f5 Qf6 33. Bf4 Bxe4 34. Bxc4
Rxc4 35. Rxd6 Qxf5 36. Qg3 Bb7 37. Ne2 Rxe2 38. Rd8+ Ke7 39. Bg5+ Ke6 40. Qd6#
1-0

[Event "Bundesliga 9495"]
[Site "Deutschland"]
[Date "1995.??.??"]
[Round "?.6"]
[White "Schaefer, Markus"]
[Black "Gruenberg, Hans Ulrich"]
[Result "1/2-1/2"]
[WhiteElo "2435"]
[BlackElo "2470"]
[PlyCount "86"]
[EventDate "1994.10.??"]
[EventType "team"]
[EventRounds "15"]
[EventCountry "GER"]
[SourceTitle "Bundesliga 9495"]
[Source "DeepChess"]
[SourceDate "2005.01.01"]
[SourceVersion "1"]
[SourceVersionDate "2005.01.01"]
[SourceQuality "1"]
[WhiteTeam "SG 1868 Aljech. Solingen"]
[BlackTeam "PSV Turm Duisburg 1920 e.V."]
[WhiteTeamCountry "GER"]
[BlackTeamCountry "GER"]

1. e4 c5 2. Nf3 d6 3. d4 cxd4 4. Nxd4 Nf6 5. Nc3 a6 6. Be2 e6 7. O-O Be7 8. f4
O-O 9. Kh1 Qc7 10. a4 Nc6 11. Be3 Rd8 12. Qe1 Nxd4 13. Bxd4 e5 14. Be3 exf4 15.
Rxf4 Be6 16. Bd4 d5 17. e5 Ne4 18. Bd3 Nc5 19. Qg3 b5 20. axb5 axb5 21. Raf1
Nxd3 22. cxd3 Qc6 23. R4f2 Rdc8 24. Ne2 Ra4 25. h3 Qe8 26. Qe3 h6 27. Qd2 Qd7
28. Kh2 Qc7 29. Qe3 Bg5 30. Nf4 Qd7 31. Re2 Qe7 32. g3 Qd7 33. h4 Bxf4 34. Rxf4
Ra1 35. Re1 Rc2+ 36. Rf2 Rxe1 37. Qxe1 Qc7 38. Bc3 Rxf2+ 39. Qxf2 b4 40. Bxb4
Qxe5 41. Bc3 Qf5 42. Qxf5 Bxf5 43. d4 Kf8 1/2-1/2

[Event "Bundesliga 9495"]
[Site "Deutschland"]
[Date "1995.??.??"]
[Round "?.7"]
[White "Malich, Burkhard"]
[Black "Seul, Georg"]
[Result "0-1"]
[WhiteElo "2405"]
[BlackElo "2440"]
[PlyCount "144"]
[EventDate "1994.10.??"]
[EventType "team"]
[EventRounds "15"]
[EventCountry "GER"]
[SourceTitle "Bundesliga 9495"]
[Source "DeepChess"]
[SourceDate "2005.01.01"]
[SourceVersion "1"]
[SourceVersionDate "2005.01.01"]
[SourceQuality "1"]
[WhiteTeam "PSV Turm Duisburg 1920 e.V."]
[BlackTeam "SG 1868 Aljech. Solingen"]
[WhiteTeamCountry "GER"]
[BlackTeamCountry "GER"]

1. Nf3 d6 2. d4 g6 3. g3 Bg7 4. Bg2 Nf6 5. b3 c5 6. Bb2 cxd4 7. Nxd4 d5 8. O-O
O-O 9. c4 dxc4 10. bxc4 Qb6 11. Qb3 Na6 12. Nd2 Nc5 13. Qa3 Bd7 14. Rab1 Rac8
15. N4b3 Nxb3 16. axb3 Rfd8 17. Bc3 Bc6 18. Bxc6 Qxc6 19. Nf3 a6 20. Qxe7 Re8
21. Qa3 b5 22. Qb2 bxc4 23. bxc4 h6 24. Rfc1 Qe6 25. Be5 Rc5 26. Bd4 Rh5 27.
Qb7 Ng4 28. Bxg7 Kxg7 29. Rc2 Qf5 30. Rbc1 Rxh2 31. Qd5 Qxd5 32. cxd5 Rxf2 33.
d6 Rd8 34. Rd1 Ne3 35. Rd3 Nxc2 36. Kxf2 Nb4 37. Rd2 Nc6 38. d7 Kf8 39. Rd6 Nb8
40. Ne5 Ke7 41. Rb6 Nxd7 42. Nc6+ Ke8 43. Rxa6 Nb8 44. Nxb8 Rxb8 45. Ra7 Rd8
46. Kf3 Rd7 47. Ra8+ Ke7 48. Rh8 h5 49. g4 Rd8 50. Rh7 hxg4+ 51. Kxg4 Kf6 52.
Rh1 Rd4+ 53. Kf3 Kf5 54. Rh7 Rf4+ 55. Ke3 Kg4 56. Rh1 g5 57. Rg1+ Kf5 58. Ra1
f6 59. Rb1 Kg4 60. Rg1+ Kh3 61. Rh1+ Kg2 62. Rh6 Rf1 63. Rg6 Kg3 64. Kd2 Rf4
65. e3 Rf2+ 66. Ke1 Rf5 67. Ke2 g4 68. e4 Rf3 69. Kd2 f5 70. exf5 Rxf5 71. Ke1
Kh3 72. Ra6 g3 0-1

[Event "Bundesliga 9495"]
[Site "Deutschland"]
[Date "1995.??.??"]
[Round "?.8"]
[White "Schmidt, Bodo"]
[Black "Himmel, Hansjoerg"]
[Result "1/2-1/2"]
[WhiteElo "2365"]
[BlackElo "2355"]
[PlyCount "120"]
[EventDate "1994.10.??"]
[EventType "team"]
[EventRounds "15"]
[EventCountry "GER"]
[SourceTitle "Bundesliga 9495"]
[Source "DeepChess"]
[SourceDate "2005.01.01"]
[SourceVersion "1"]
[SourceVersionDate "2005.01.01"]
[SourceQuality "1"]
[WhiteTeam "SG 1868 Aljech. Solingen"]
[BlackTeam "PSV Turm Duisburg 1920 e.V."]
[WhiteTeamCountry "GER"]
[BlackTeamCountry "GER"]

1. c4 Nf6 2. Nc3 e5 3. Nf3 Nc6 4. e3 Bb4 5. Qc2 O-O 6. Nd5 Re8 7. Qf5 d6 8.
Nxf6+ Qxf6 9. Qxf6 gxf6 10. a3 Bc5 11. b3 Be6 12. Bb2 Bb6 13. Rc1 a5 14. Be2
Ne7 15. d4 c5 16. O-O Ng6 17. Rfe1 Bd8 18. d5 Bd7 19. Bc3 Be7 20. Nd2 f5 21.
Ra1 f4 22. e4 f5 23. Bh5 Reb8 24. Be2 Kf7 25. Bd3 Nh4 26. exf5 Nxf5 27. g3 Rg8
28. Kf1 fxg3 29. hxg3 Nxg3+ 30. fxg3 Rxg3 31. Ne4 Rxd3 32. Ke2 Rh3 33. Rf1+ Ke8
34. Rg1 Bf5 35. Rg8+ Kd7 36. Rxa8 Bxe4 37. Bxa5 Rxb3 38. Rg1 Bg6 39. Be1 Bd3+
40. Kd2 Bg6 41. Rg3 Rb1 42. Rg1 Bf6 43. Rf8 Be7 44. Rg8 Ra1 45. Rg7 Ra2+ 46.
Kc3 Rxa3+ 47. Kb2 Rh3 48. Bd2 Rh2 49. Kc3 Ke8 50. Bg5 Bxg5 51. Rxg5 Rh3+ 52.
Kb2 Rf3 53. Rxb7 Rf7 54. Rb6 Rd7 55. Rg1 Kf7 56. Ra1 h5 57. Kc3 Bf5 58. Ra8 Bg4
59. Rh8 Kf6 60. Rh6+ Kg5 1/2-1/2

[Event "Bundesliga 9495"]
[Site "Deutschland"]
[Date "1995.??.??"]
[Round "?.2"]
[White "Espig, Lutz"]
[Black "Piskov, Yury"]
[Result "1/2-1/2"]
[WhiteElo "2430"]
[BlackElo "2540"]
[PlyCount "72"]
[EventDate "1994.10.??"]
[EventType "team"]
[EventRounds "15"]
[EventCountry "GER"]
[SourceTitle "Bundesliga 9495"]
[Source "DeepChess"]
[SourceDate "2005.01.01"]
[SourceVersion "1"]
[SourceVersionDate "2005.01.01"]
[SourceQuality "1"]
[WhiteTeam "PSV Turm Duisburg 1920 e.V."]
[BlackTeam "SG Bochum 31"]
[WhiteTeamCountry "GER"]
[BlackTeamCountry "GER"]

1. Nf3 d5 2. c4 e6 3. g3 Nf6 4. Bg2 dxc4 5. Qa4+ c6 6. Qxc4 b5 7. Qc2 Bb7 8. d4
Na6 9. Nc3 Qb6 10. Bg5 Nb4 11. Qb1 c5 12. Bxf6 gxf6 13. dxc5 Bxc5 14. O-O Rc8
15. a3 Nd5 16. Nxd5 Bxd5 17. Nd2 Bxg2 18. Kxg2 O-O 19. Qe4 Bd4 20. Ra2 Qc6 21.
Qxc6 Rxc6 22. b3 Rfc8 23. Nf3 Bb6 24. a4 Rc2 25. Rfa1 R8c3 26. Nd2 b4 27. e3
Rxa2 28. Rxa2 Bd8 29. Kf1 f5 30. Rb2 Bf6 31. Rb1 Kf8 32. Nc4 Ke7 33. Ke2 Rc2+
34. Kf1 Rc3 35. Ke2 Rc2+ 36. Kf1 Rc3 1/2-1/2

[Event "Bundesliga 9495"]
[Site "Deutschland"]
[Date "1995.??.??"]
[Round "?.3"]
[White "Keitlinghaus, Ludger"]
[Black "Gruenberg, Hans Ulrich"]
[Result "1/2-1/2"]
[WhiteElo "2495"]
[BlackElo "2470"]
[PlyCount "105"]
[EventDate "1994.10.??"]
[EventType "team"]
[EventRounds "15"]
[EventCountry "GER"]
[SourceTitle "Bundesliga 9495"]
[Source "DeepChess"]
[SourceDate "2005.01.01"]
[SourceVersion "1"]
[SourceVersionDate "2005.01.01"]
[SourceQuality "1"]
[WhiteTeam "SG Bochum 31"]
[BlackTeam "PSV Turm Duisburg 1920 e.V."]
[WhiteTeamCountry "GER"]
[BlackTeamCountry "GER"]

1. e4 c5 2. c3 d5 3. exd5 Qxd5 4. d4 e6 5. Nf3 Nf6 6. Na3 Be7 7. Nb5 Na6 8. Be2
O-O 9. O-O Rd8 10. Be3 Ng4 11. Bf4 Bd7 12. c4 Qc6 13. d5 exd5 14. cxd5 Qb6 15.
Na3 Qg6 16. Bg3 Nb4 17. Nc4 Bb5 18. Qb3 Rxd5 19. h3 Nh6 20. Ne3 Bxe2 21. Nxd5
Nxd5 22. Qxd5 Bxf1 23. Qxb7 Rf8 24. Qxe7 Nf5 25. Qxc5 Nxg3 26. fxg3 Be2 27. Qf2
Bxf3 28. Qxf3 h6 29. Re1 a5 30. Kh2 Qc2 31. Re2 Qc5 32. Qd3 Rc8 33. Qd7 Rf8 34.
Re8 g6 35. b3 h5 36. h4 Kg7 37. Rd8 Rxd8 38. Qxd8 Qa3 39. Qd2 Kf6 40. Kh3 Kg7
41. g4 hxg4+ 42. Kxg4 Qc5 43. Kh3 Kh7 44. Kh2 Qe5+ 45. g3 Qc5 46. Qe2 Qc3 47.
Qc4 Qd2+ 48. Kh3 Kg7 49. a3 Qd7+ 50. g4 Qd2 51. g5 Kg8 52. Kg3 Qd6+ 53. Kf3
1/2-1/2

[Event "Bundesliga 9495"]
[Site "Deutschland"]
[Date "1995.??.??"]
[Round "?.4"]
[White "Moiseev, Viktor"]
[Black "Backwinkel, Paul"]
[Result "1-0"]
[WhiteElo "2455"]
[BlackElo "2410"]
[PlyCount "49"]
[EventDate "1994.10.??"]
[EventType "team"]
[EventRounds "15"]
[EventCountry "GER"]
[SourceTitle "Bundesliga 9495"]
[Source "DeepChess"]
[SourceDate "2005.01.01"]
[SourceVersion "1"]
[SourceVersionDate "2005.01.01"]
[SourceQuality "1"]
[WhiteTeam "PSV Turm Duisburg 1920 e.V."]
[BlackTeam "SG Bochum 31"]
[WhiteTeamCountry "GER"]
[BlackTeamCountry "GER"]

1. e4 c5 2. Nf3 Nc6 3. d4 cxd4 4. Nxd4 Nf6 5. Nc3 e5 6. Ndb5 d6 7. Bg5 a6 8.
Na3 h6 9. Bxf6 Qxf6 10. Nd5 Qd8 11. Nc4 Be6 12. c3 Be7 13. Be2 b5 14. Nce3 O-O
15. a4 bxa4 16. Qxa4 Bd7 17. Qa3 a5 18. Nxe7+ Qxe7 19. Rd1 Rfd8 20. Qxd6 Qg5
21. Qa3 h5 22. O-O Qf4 23. Bxh5 Qxe4 24. Bf3 Qg6 25. Rd6 1-0

[Event "Bundesliga 9495"]
[Site "Deutschland"]
[Date "1995.??.??"]
[Round "?.5"]
[White "Jackelen, Thomas"]
[Black "Malich, Burkhard"]
[Result "1/2-1/2"]
[WhiteElo "2415"]
[BlackElo "2405"]
[PlyCount "142"]
[EventDate "1994.10.??"]
[EventType "team"]
[EventRounds "15"]
[EventCountry "GER"]
[SourceTitle "Bundesliga 9495"]
[Source "DeepChess"]
[SourceDate "2005.01.01"]
[SourceVersion "1"]
[SourceVersionDate "2005.01.01"]
[SourceQuality "1"]
[WhiteTeam "SG Bochum 31"]
[BlackTeam "PSV Turm Duisburg 1920 e.V."]
[WhiteTeamCountry "GER"]
[BlackTeamCountry "GER"]

1. Nf3 d5 2. c4 c6 3. e3 Nf6 4. Nc3 g6 5. d4 Bg7 6. Be2 O-O 7. O-O e6 8. Qc2
Nbd7 9. Rd1 b6 10. e4 dxe4 11. Nxe4 Nxe4 12. Qxe4 Bb7 13. Bg5 Qc8 14. Qh4 f6
15. Bh6 Rf7 16. Bxg7 Kxg7 17. Rac1 Qc7 18. d5 e5 19. Qg3 Rc8 20. d6 Qd8 21. h4
Kh8 22. h5 gxh5 23. Nh4 Rg7 24. Qh3 Rg5 25. Nf3 Rg7 26. Qxh5 c5 27. g3 Qg8 28.
Rc3 Rd8 29. Qh6 Qe6 30. Ra3 a6 31. Bf1 Rg6 32. Qh5 Qg4 33. Qxg4 Rxg4 34. Nh4
Rd4 35. Rxd4 exd4 36. Rb3 Re8 37. f4 Bc6 38. Nf5 Ba4 39. Ra3 Bc2 40. Ne7 Nb8
41. Bd3 Bxd3 42. Rxd3 Rd8 43. Nf5 Nc6 44. Rb3 Rb8 45. d7 b5 46. cxb5 axb5 47.
Ra3 Rd8 48. Ra6 Nb8 49. Ra8 d3 50. Kf2 d2 51. Ke2 d1=Q+ 52. Kxd1 Rxd7+ 53. Ke2
Rb7 54. Kf3 c4 55. Ke4 h5 56. Nd4 Kh7 57. Ra5 Re7+ 58. Kf3 Rd7 59. Rxb5 Rxd4
60. Rxb8 Rd3+ 61. Kg2 c3 62. bxc3 Rxc3 63. Ra8 Kg6 64. Kh3 Rc2 65. a4 Ra2 66.
a5 Kf5 67. a6 Kg6 68. Rg8+ Kh7 69. Ra8 Kg6 70. Ra7 Kf5 71. Ra8 Kg6 1/2-1/2

[Event "Bundesliga 9495"]
[Site "Deutschland"]
[Date "1995.??.??"]
[Round "?.6"]
[White "Himmel, Hansjoerg"]
[Black "Luecke, Norbert"]
[Result "0-1"]
[WhiteElo "2355"]
[BlackElo "2400"]
[PlyCount "88"]
[EventDate "1994.10.??"]
[EventType "team"]
[EventRounds "15"]
[EventCountry "GER"]
[SourceTitle "Bundesliga 9495"]
[Source "DeepChess"]
[SourceDate "2005.01.01"]
[SourceVersion "1"]
[SourceVersionDate "2005.01.01"]
[SourceQuality "1"]
[WhiteTeam "PSV Turm Duisburg 1920 e.V."]
[BlackTeam "SG Bochum 31"]
[WhiteTeamCountry "GER"]
[BlackTeamCountry "GER"]

1. e4 e6 2. d4 d5 3. Nd2 dxe4 4. Nxe4 Nd7 5. Nf3 Ngf6 6. Nxf6+ Nxf6 7. Bd3 c5
8. dxc5 Bxc5 9. Qe2 O-O 10. O-O h6 11. Ne5 Qc7 12. Re1 Bd6 13. Bf4 b6 14. Rad1
Bb7 15. Bg3 Rfd8 16. Bh4 Bxe5 17. Qxe5 Qxe5 18. Rxe5 Ba6 19. Bxf6 gxf6 20. Re3
Rac8 21. c3 Rd5 22. Bc2 Rxd1+ 23. Bxd1 Rd8 24. Bb3 Rd2 25. Re1 Rxb2 26. Rd1 Kf8
27. h3 Ke7 28. Rd4 Bb7 29. Rh4 a5 30. Rxh6 b5 31. Rh8 a4 32. Rb8 Be4 33. Rxb5
axb3 34. axb3 f5 35. b4 Kf6 36. Rb8 Rc2 37. Rc8 Bd3 38. Rc5 Kg5 39. Rc7 f6 40.
Rg7+ Kf4 41. Rc7 e5 42. Rc8 e4 43. Rc5 e3 44. fxe3+ Kg3 0-1